000 00472nam a2200145Ia 4500
008 100122s9999 xx 000 0 und d
082 _b13842
_a410
100 _aसावरकर
245 _aभाषा शुध्दी ( क.क्र.26/4 )
260 _bग.मो.जोशी
_c1966
300 _a142
630 _aभाषा शुध्दी ( क.क्र.26/4 )
730 _aभाषा शुध्दी ( क.क्र.26/4 )
942 _cBOOK
999 _c404555
_d404552